Catálogo

Las imágenes del sonido : (Registro nro. 69493)

Detalles MARC
000 -LEADER
fixed length control field 01225nam a2200349 i 4500
001 - CONTROL NUMBER
control field 69493
003 - CONTROL NUMBER IDENTIFIER
control field Mx-PuUPA
005 - DATE AND TIME OF LATEST TRANSACTION
control field 20241029120241.0
008 - FIXED-LENGTH DATA ELEMENTS--GENERAL INFORMATION
fixed length control field 220516s2008 sp a||||r|||| 00| 0 spa d
017 ## - COPYRIGHT OR LEGAL DEPOSIT NUMBER
Copyright or legal deposit number CU-556-2008
020 ## - INTERNATIONAL STANDARD BOOK NUMBER
International Standard Book Number 9788484276517
040 ## - CATALOGING SOURCE
Original cataloging agency Mx-PuUPA
Language of cataloging spa
Transcribing agency Mx-PuUPA
Modifying agency Mx-PuUPA
Description conventions rda
041 0# - LANGUAGE CODE
Language code of text/sound track or separate title spa
100 1# - MAIN ENTRY--PERSONAL NAME
9 (RLIN) 12574
Personal name Ariza, Javier,
Dates associated with a name 1968-
Relator term autor
245 14 - TITLE STATEMENT
Title Las imágenes del sonido :
Remainder of title una lectura plurisensorial en el arte del siglo XX /
Statement of responsibility, etc. Javier Ariza
250 ## - EDITION STATEMENT
Edition statement 2a. edición /
Remainder of edition statement corregida
264 #1 - PRODUCTION, PUBLICATION, DISTRIBUTION, MANUFACTURE, AND COPYRIGHT NOTICE
Place of production, publication, distribution, manufacture Cuenca, España :
Name of producer, publisher, distributor, manufacturer Universidad de Castilla-La Mancha,
Date of production, publication, distribution, manufacture, or copyright notice 2008
300 ## - PHYSICAL DESCRIPTION
Extent 262 páginas :
Other physical details ilustraciones ;
Dimensions 24 cm
336 ## - CONTENT TYPE
Fuente rdacontent
Content type term texto
Content type code txt
337 ## - MEDIA TYPE
Source rdamedia
Media type term sin medio
Media type code n
338 ## - CARRIER TYPE
Source rdacarrier
Carrier type term volumen
Carrier type code nc
490 0# - SERIES STATEMENT
Series statement Colección Monografías ;
Volume/sequential designation 39
600 14 - SUBJECT ADDED ENTRY--PERSONAL NAME
Personal name Merz, Mario,
Dates associated with a name 1928
600 14 - SUBJECT ADDED ENTRY--PERSONAL NAME
Personal name Duchamp, Marcel,
Dates associated with a name 1887 - 1968
650 #7 - SUBJECT ADDED ENTRY--TOPICAL TERM
Source of heading or term armarc
Topical term or geographic name entry element Arte y música
General subdivision Historia
Chronological subdivision Siglo XX
650 #7 - SUBJECT ADDED ENTRY--TOPICAL TERM
Source of heading or term armarc
Topical term or geographic name entry element Arte y tecnología
650 #7 - SUBJECT ADDED ENTRY--TOPICAL TERM
Source of heading or term Armarc
Topical term or geographic name entry element Sonido
942 ## - ADDED ENTRY ELEMENTS (KOHA)
Source of classification or shelving scheme Dewey Decimal Classification
Koha item type Libro
Classification part 780.07
Item part A696
Existencias
Withdrawn status Lost status Source of classification or shelving scheme Damaged status Not for loan Collection code Home library Current library Shelving location Date acquired Source of acquisition Cost, normal purchase price Total Checkouts Total Renewals Full call number Barcode Date last seen Date last checked out Cost, replacement price Price effective from Koha item type Copy number
    Dewey Decimal Classification     General Biblioteca Karol Wojtyla Biblioteca Karol Wojtyla Sala general 11/09/2024 23 1350.99 1 1 780.07 A696 2008 102183 05/01/2026 21/11/2023 1350.99 11/09/2024 Libro  
    Dewey Decimal Classification     General Biblioteca Karol Wojtyla Biblioteca Karol Wojtyla Sala general 02/09/2024 25 1099.00     780.07 A696 2008 105183 05/01/2026   1099.00 02/09/2024 Libro EJ.2